Welcome to WEB OPAC of MRSPTU Central Library

Textbook of Pharmacognosy (Record no. 7481)

MARC details
000 -LEADER
fixed length control field 00417nam a2200169Ia 4500
008 - FIXED-LENGTH DATA ELEMENTS--GENERAL INFORMATION
fixed length control field 230711s9999||||xx |||||||||||||| ||und||
020 ## - INTERNATIONAL STANDARD BOOK NUMBER
International Standard Book Number 81-239-0886-5
041 ## - LANGUAGE CODE
Language code of text/sound track or separate title ENG
082 ## - DEWEY DECIMAL CLASSIFICATION NUMBER
Classification number 615.321
Item number WA-T
100 ## - MAIN ENTRY--PERSONAL NAME
Personal name Wallis, T.E
245 #0 - TITLE STATEMENT
Title Textbook of Pharmacognosy
250 ## - EDITION STATEMENT
Edition statement 5th Ed.
260 ## - PUBLICATION, DISTRIBUTION, ETC.
Date of publication, distribution, etc. 1985
Place of publication, distribution, etc. New Delhi
Name of publisher, distributor, etc. CBS Publishers & Distributors Pvt.Ltd
300 ## - PHYSICAL DESCRIPTION
Extent 652p.
650 ## - SUBJECT ADDED ENTRY--TOPICAL TERM
Topical term or geographic name entry element Pharmacy
942 ## - ADDED ENTRY ELEMENTS (KOHA)
Koha item type Book
Holdings
Withdrawn status Lost status Damaged status Not for loan Collection Home library Current library Date acquired Source of acquisition Cost, normal purchase price Inventory number Total checkouts Full call number Barcode Date last seen Price effective from Koha item type Date last checked out
          MRSPTU Central Library MRSPTU Central Library   Technical Bureau India PVT.LTD 595.00 TB346744271   615.321 WA-T P1831 08/17/2023 08/17/2023 Book  
          MRSPTU Central Library MRSPTU Central Library   Technical Bureau India PVT.LTD 595.00 TB346744271 1 615.321 WA-T P1832 01/30/2025 08/17/2023 Book 01/23/2025
          MRSPTU Central Library MRSPTU Central Library   Technical Bureau India PVT.LTD 595.00 TB346744271 4 615.321 WA-T P1833 12/02/2025 08/17/2023 Book 10/30/2025
          MRSPTU Central Library MRSPTU Central Library   Technical Bureau India PVT.LTD 595.00 TB346744271   615.321 WA-T P1834 08/17/2023 08/17/2023 Book  
          MRSPTU Central Library MRSPTU Central Library   Technical Bureau India PVT.LTD 595.00 TB346744271 3 615.321 WA-T P1835 02/24/2026 08/17/2023 Book 02/02/2026
          MRSPTU Central Library MRSPTU Central Library   Technical Bureau India PVT.LTD 595.00 TB346744271 1 615.321 WA-T P1836 10/01/2024 08/17/2023 Book 09/19/2024
          MRSPTU Central Library MRSPTU Central Library   Technical Bureau India PVT.LTD 650.00 TB47644713 3 615.1 WA-P P1976 08/27/2025 08/17/2023 Book 08/27/2025
          MRSPTU Central Library MRSPTU Central Library   Technical Bureau India PVT.LTD 650.00 TB47644713 1 615.1 WA-P P1977 06/20/2024 08/17/2023 Book 05/14/2024
          MRSPTU Central Library MRSPTU Central Library   Technical Bureau India PVT.LTD 650.00 TB47644713   615.1 WA-P P1978 08/17/2023 08/17/2023 Book  
          MRSPTU Central Library MRSPTU Central Library   Technical Bureau India PVT.LTD 650.00 TB47644713 2 615.1 WA-P P1979 11/28/2023 08/17/2023 Book 09/05/2023

Website Designed and Developed by MRSPTU Central Library Team

E-mail Id: librarian@mrsptu.ac.in